Engineering mechanics (Record no. 544913)
[ view plain ]
| 000 -LEADER | |
|---|---|
| fixed length control field | 00480cam a22001571 4500 |
| 082 ## - DEWEY DECIMAL CLASSIFICATION NUMBER | |
| Classification number | 620.1 |
| Author Mark | LAN |
| -- | L-5, P-51 |
| 100 1# - MAIN ENTRY--PERSONAL NAME | |
| Personal name | Langhaar, Henry L. |
| 9 (RLIN) | 40660 |
| 245 10 - TITLE STATEMENT | |
| Title | Engineering mechanics |
| Statement of responsibility, etc. | [by] H.L. Langhaar [and] A.P. Boresi. |
| 260 ## - PUBLICATION, DISTRIBUTION, ETC. | |
| Place of publication, distribution, etc. | New York, |
| Name of publisher, distributor, etc. | McGraw-Hill, |
| Date of publication, distribution, etc. | 1959. |
| 300 ## - PHYSICAL DESCRIPTION | |
| Extent | 705 p. |
| Other physical details | illus. |
| Dimensions | 24 cm. |
| 526 ## - STUDY PROGRAM INFORMATION NOTE | |
| Program name | 0 |
| Interest level | 0 |
| Reading level | 0 |
| Title point value | 620_100000000000000_LAN |
| 650 #0 - SUBJECT ADDED ENTRY--TOPICAL TERM | |
| Topical term or geographic name entry element | MCE |
| 9 (RLIN) | 379 |
| 650 #0 - SUBJECT ADDED ENTRY--TOPICAL TERM | |
| Topical term or geographic name entry element | Mechanics, Applied. |
| 9 (RLIN) | 13090 |
| 700 1# - ADDED ENTRY--PERSONAL NAME | |
| Personal name | Boresi, Arthur P. |
| 9 (RLIN) | 562 |
| 942 ## - ADDED ENTRY ELEMENTS (KOHA) | |
| Source of classification or shelving scheme | |
| Koha item type | Book |
| Withdrawn status | Lost status | Source of classification or shelving scheme | Damaged status | Not for loan | Permanent Location | Current Location | Date acquired | Total Checkouts | Full call number | Barcode | Date last seen | Date last checked out | Price effective from | Koha item type |
|---|---|---|---|---|---|---|---|---|---|---|---|---|---|---|
| Military College of Engineering (MCE) | Military College of Engineering (MCE) | 05/14/2014 | 1 | 620.1 LAN | MCE-2568 | 02/07/2018 | 02/07/2018 | 05/14/2014 | Book |
